Piłkarze Reprezentacji Republiki Zielonego Przylądka - nagła śmierć - Statystyki

Ogólne statystyki
  • Ten quiz został rozwiązany 6 razy
  • Średni wynik to 4 z 10
Answers on the Grid
Answers color-coded by a green-red scale on the quiz's grid according to % correct below.
Éder
Telmo Arcanjo
Kevin Lenini
Maicon
Vozinha
Zito Luvumbo
Dailon Livramento
Bébé
Rúben Semedo
Héldon Ramos
Lubambo Musonda
Djaniny
Willy Semedo
Burá Nogueira
Roberto Lopes
Babanco
 
Statystyki odpowiedzi
Odpowiedź % Poprawnych
Willy Semedo
67%
Bébé
50%
Héldon Ramos
50%
Roberto Lopes
50%
Dailon Livramento
33%
Kevin Lenini
33%
Babanco
17%
Djaniny
17%
Telmo Arcanjo
17%
Vozinha
17%
Nie znaleziono quizów pasujących do podanych kryteriów
Rozkład punktacji
Procent ludzi z każdym wynikiem
Percentyl według liczby udzielonych odpowiedzi
Twoja historia wyników
Nie rozwiązałeś tego quizu